Contractors` programmes: where now after the Glenlion decision (Record no. 7884)

MARC details
000 -LEADER
fixed length control field 00924cab a2200217 4500
001 - CONTROL NUMBER
control field ABS38771
008 - FIXED-LENGTH DATA ELEMENTS--GENERAL INFORMATION
fixed length control field 090401t1988 xxu||||| |||| 00| 0 eng d
035 ## - SYSTEM CONTROL NUMBER
System control number (Sirsi) u12325
041 ## - LANGUAGE CODE
Language code of text/sound track or separate title eng
100 ## - MAIN ENTRY--PERSONAL NAME
Personal name Simmonds, D.
245 ## - TITLE STATEMENT
Title Contractors` programmes: where now after the Glenlion decision
260 ## - PUBLICATION, DISTRIBUTION, ETC.
Date of publication, distribution, etc. 1988
350 ## - PRICE (NR) (BK AM CF MU VM SE) [OBSOLETE]
Price 0
490 ## - SERIES STATEMENT
Series statement Construction News
Volume/sequential designation (6050) 18 February 1988, 35(1)
520 ## - SUMMARY, ETC.
Summary, etc. Discusses the use of contractors` programmes under the various standard forms of contract and reviews the decision in Glenlion Construction Ltd v The Guiness Trust , ORC 28 July 1987, see Abstract 38052, whereby JCT 1963 was used and by virtue of a provision of the BQ the contractors were required to provide a programme.
650 ## - SUBJECT ADDED ENTRY--TOPICAL TERM
Topical term or geographic name entry element BUILT ENVIRONMENT-BUILDING CONTRACT FORMS
650 ## - SUBJECT ADDED ENTRY--TOPICAL TERM
Topical term or geographic name entry element EARLY COMPLETION
690 ## - LOCAL SUBJECT ADDED ENTRY--TOPICAL TERM (OCLC, RLIN)
Topical term or geographic name as entry element BUILT ENVIRONMENT-BUILDING CONTRACT FORMS
942 ## - ADDED ENTRY ELEMENTS (KOHA)
Suppress in OPAC 0
948 ## - LOCAL PROCESSING INFORMATION (OCLC); SERIES PART DESIGNATOR (RLIN)
c (OCLC) 04/03/1997
Holdings
Withdrawn status Lost status Source of classification or shelving scheme Damaged status Not for loan Home library Current library Shelving location Date acquired Total Checkouts Full call number Barcode Date last seen Copy number Price effective from Koha item type
    Dewey Decimal Classification     London London Journal article 14/09/1999   ABS38771 12325-1001 06/08/2019 1 06/08/2019 Journal article